| 000 | 00830nam a2200253Ia 4500 | ||
|---|---|---|---|
| 008 | |||
| 020 | _a9780470033722 (hbk.) | ||
| 049 | _aMAIN | ||
| 090 |
_aTD367 _bSTA |
||
| 245 | 0 | 0 |
_aStatistical framework for recreational water quality criteria and monitoring / _cedited by Larry J. Wymer. |
| 260 |
_aChichester : _bJohn Wiley & Sons, _cc2007. |
||
| 300 |
_axi, 234 p. : _bill. ; _c23 cm. |
||
| 440 | 0 | _aStatistics in practice. | |
| 500 | _aIncludes Index. | ||
| 504 | _aIncludes bibliographical references. | ||
| 650 | 0 |
_aWater quality _xMeasurement _xStatistical methods. |
|
| 655 | 7 |
_aElectronic books. _2local. |
|
| 700 | 1 | _aWymer, Larry J. | |
| 907 |
_a.b10285982 _b21-02-12 _c02-11-10 |
||
| 003 | |||
| 005 | 20230123125053.0 | ||
| 040 | _cNUST | ||
| 942 |
_cBOOKS _kTD367 _mSTA |
||
| 999 |
_c135211 _d135211 |
||